| 000 | 00428cam a2200169ua 4500 | ||
|---|---|---|---|
| 001 | 1614 | ||
| 008 | 110713n ii |||gr||||Z||||||eng | ||
| 040 | _cMAIN | ||
| 082 | _a338.954 | ||
| 100 | 1 |
_aMemoria, C. B., _eAuthor. |
|
| 245 | 1 |
_aEconomic planning in india _cby C. B. Memoria |
|
| 260 |
_aJaipur: _bSusheel pustak bhandar,954. |
||
| 300 |
_a38p: _c23cm. |
||
| 653 | _aeconomics | ||
| 653 | _aeconomic planning | ||
| 942 | _cBK | ||
| 999 |
_c1501 _d1501 |
||